| 000 | 00873nam a2200313 a 4500 | ||
|---|---|---|---|
| 001 | Z_7161 | ||
| 003 | CHAP | ||
| 005 | 20230424091620.0 | ||
| 007 | ta | ||
| 008 | 220113t2008 sp ao fr 001 0 spa d | ||
| 010 | _a170432 | ||
| 020 | _a978-84-935971-2-2 | ||
| 040 |
_cCHAP _aZ |
||
| 082 | 0 | 0 |
_a636.20824 F476 _220 |
| 100 | 1 |
_aFernández Sánchez, Manuel _9146925 _eautor |
|
| 245 | 1 | 3 |
_aEl ciclo estral de la vaca : _bdiagnóstico fotográfico / _cManuel Fernández Sánchez |
| 260 |
_aZaragoza, España : _bServet, _c2008 |
||
| 300 | _axi 271 p. | ||
| 503 | _aej.1: 243240 | ||
| 504 | _aBibliografía: p. 271 | ||
| 650 | 1 | 3 |
_aGanado bovino _xReproducción _9146926 |
| 650 | 2 | 3 |
_aVacas _xCiclo estral _9146927 |
| 650 | 1 | 3 |
_aVacas _xReproducción _9146928 |
| 901 | _a636.20824 F476 | ||
| 902 | _aM | ||
| 910 | _a | ||
| 942 |
_cLIBRO _2ddc |
||
| 942 | _2ddc | ||
| 999 |
_c170432 _d170432 |
||